20 African Cities Everyone Should Know - Statistics

General Stats
  • This quiz has been taken 131 times
  • The average score is 17 of 20
Answer Stats
Hint City % Correct
Largest city named after Alexander the Great Alexandria
96%
Most populous city in Africa Cairo
96%
Incredibly fast growing city in Nigeria Lagos
96%
Biggest city in Kenya Nairobi
95%
Capital of Algeria Algiers
93%
Largest Moroccan city, namesake of a famous movie Casablanca
93%
Capital of D.R. Congo Kinshasa
91%
Largest city and capital of Ethiopia Addis Ababa
90%
Where the Pyramids are found Giza
89%
Home to the largest airport in Africa Johannesburg
89%
Capital of Nigeria Abuja
87%
Capital of South Africa just north of no.3 Pretoria
87%
Former capital of Tanzania Dar es Salaam
84%
Capital of Angola Luanda
84%
Capital of Ghana Accra
82%
Home to Table Mountain Cape Town
82%
Capital of Sudan Khartoum
82%
Westernmost city in Africa Dakar
74%
Capital of Mali Bamako
71%
Biggest city in Ivory Coast Abidjan
68%
No matching quizzes found
Score Distribution
Percent of People with Each Score
Percentile by Number Answered
Your Score History
You have not taken this quiz